000 00359nam a2200145Ia 4500
008 230312s9999||||xx |||||||||||||| ||und||
020 _a0-07-149216-x
082 _a006.78
_bPOW-C
100 _aStair;Ralph
245 0 _aPrinciples of Information Systems
260 _bMcGraw Hill
_aUSA
_c2008
300 _a654
650 _aComputer
_vComputer
942 _cBK
999 _c15376
_d15376